000 03932nab a2200337 i 4500
003 BR-BrBNA
005 20240510175156.0
008 240510b2019 bl.qr|pooa||| 00| 0 por |
040 _aBR-BrBNA
_bpor
072 _aK10
_b3240
072 _aP06
100 _aMachado, Felipe de Córdova
100 _aEufrade-Junior, Humberto de Jesus
100 _aSpada, Grasiela
100 _aOguri, Guilherme
100 _aGarcia, Éder Aparecido
100 _aGuerra, Saulo Philipe Sebastião
245 _aProdução de biomassa de Eucalyptus grandis Hill ex. Maiden em diferentes arranjos de espaçamentos de plantio simples e duplos
500 _aPublicação on-line; 27 ref.; 4 tables; 4 illus.; Summaries (En, Pt)
520 _a Resumo O objetivo deste trabalho foi avaliar o efeito dos espaçamentos de plantio em linhas simples e duplas na área basal, volume de madeira com casca por hectare, densidade básica do tronco e biomassa arbórea de Eucalyptus grandis Hill ex Maiden (clone G-21) manejado no sistema de curta rotação. O ensaio foi composto por quatro espaçamentos de plantio: 3,0 m × 1,0 m × 2,0 m (linha dupla), 3,0 m × 1,0 m (linha simples), 3,0 m × 1,0 m × 1,0 m (linha dupla) e 3,0 m × 0,5 m (linha simples), sendo avaliado aos 12 meses e 24 meses após o plantio. As principais diferenças significativas foram encontradas no segundo período de avaliação para os fatores de variação considerados – espaçamento e idade. A área basal aumentou com o adensamento das florestas, embora o volume não tenha seguido a mesma tendência aos 24 meses de plantio. A densidade básica aumentou com a idade apenas nos espaçamentos simples. No estudo da alocação de biomassa nos diferentes compartimentos da árvore, verificou-se uma maior proporção de biomassa de tronco com a idade, bem como nos espaçamentos mais adensados. Uma das maiores produções florestais (65 Mg ha-1) foi encontrada no espaçamento 3,0 m × 1,0 m aos 24 meses de idade. Palavras-chave: Densidade de plantio; Biomassa; Área basal; Florestas energéticas
520 _a Abstract The objective of this work was to analyze the effect of single and double planting spacing on the basal area, stem wood and bark volume per hectare, stem basic density and above-ground biomass of Eucalyptus grandis Hill ex Maiden (G-21 clone) managed under the short rotation coppice system. Four planting spacings were considered: 3.0 m × 1.0 m × 2.0 m (double row), 3.0 m × 1.0 m (single row), 3.0 m × 1.0 m × 1.0 m (double row) and 3.0 m × 0.5 m (single row), which were evaluated at 12 months and at 24 months after planting. Main significant differences were found at 12 months after planting for both factors spacing and age. Basal area increased as planting densification, although the volume did not show the same trend at 24 months after planting. Basic density increased as age only at single rows. In the study of the biomass allocation in the different tree compartments, it was verified a higher proportion of stem biomass on older treatments and denser spacings. One of the highest forest productions (65 Mg ha-1) was found in the 3 m × 1 m planting spacing at 24 months of age. Keywords: Planting density; Biomass; Basal area; Energy forests
650 _aDENSIDADE DE PLANTIO
650 _aBIOMASSA
650 _aÁREA BASAL
650 _aFLORESTA
650 _aENERGIA
773 0 _04065
_9314613
_dSanta Maria-RS Universidade Federal de Santa Maria - Centro de Pesquisas Florestais.Departamento de Ciências Florestais. Programa de Pós-Graduação em Engenharia Florestal 1991
_o2024-0865
_tCiência Florestal (Brazil)
_x0103-9954; 1980-5098 (on-line)
_gv. 29(4) p. 1568-1578; (Oct-Dec 2019)
_wBR2023001703
856 _uhttps://www.scielo.br/j/cflo/a/ZxLRthWHhZHTWrscW8QwPBv/?format=pdf&lang=pt
942 _cAnalítica
999 _c299547
_d299547